000 00967nam a2200265 a 4500
001 1174690
003 CO-ViMGA
005 20230915233612.0
008 080716s2008 ck a jr 00010 spa d
020 _a9789583030581
040 _aCO-ViMGA
_bspa
_cCO-ViMGA
082 0 4 _aI985.01
_bH95n
_221
100 1 _aHynson, Colin,
_d1962-
_9697
245 1 0 _aNo te gustaria ser una momia inca /
_cGolin Gynson ; traductor Yolanda Enciso Patiño ; ilustraciones David Antram.
260 3 _aBogot :̀
_bPanamericana Editorial,
_c2008.
300 _a32 p. :
_bil. ;
_c24 cm.
500 _aGlosario : p. 30-31.
500 _aIncluye índice.
650 1 4 _aIncas
_x Costumbres funerarias
_v Literatura juvenil.
_9700
650 1 4 _aIncas
_x Historia
_v Literatura juvenil.
_9698
650 1 4 _aIncas
_x Vida social y costumbres
_v Literatura juvenil.
_9699
700 1 _aAntram, David,
_d1958-,
_eil.
_9629
700 1 _aEnciso Patiño, Yolanda,
_etr.
_9701
942 _2ddc
_cBK
999 _c37278
_d37278